000 00300nam a22001337a 4500
008 170923b xxu||||| |||| 00| 0 eng d
020 _a9780077396220
041 _aeng
080 _a37
100 _a46
101 _aEDU
245 _aTHE BRIEF MCGRAW-HILL HANDBOOK
_cMAIMON, E.P
942 _2udc
_cBK
999 _c29461
_d29461